Quel Michel a chanté... - Statistiques

Statistiques générales
  • Ce quiz a été pris 120 fois
  • Le résultat moyen est 38 sur 60
Statistiques - réponses
Hint Réponse % Correct
Les lacs du Connemara Sardou
86%
La groupie du pianiste Berger
82%
Diego, libre dans sa tête Berger
82%
Les Ricains Sardou
82%
Pour un flirt Delpech
80%
La boîte de jazz Jonasz
80%
Goodbye Marylou Polnareff
80%
La maladie d'amour Sardou
80%
Chanter pour ceux qui sont loin de chez eux Berger
79%
Chez Laurette Delpech
79%
Fais comme l'oiseau Fugain
79%
Love me, please love me Polnareff
79%
Etre une femme Sardou
79%
La java de Broadway Sardou
79%
Je vais t'aimer Sardou
78%
Le Paradis blanc Berger
77%
Quand j'étais chanteur Delpech
77%
Le Chasseur Delpech
76%
Le France Sardou
76%
Celui qui chante Berger
75%
Le Loir-et-Cher Delpech
75%
Attention, mesdames et messieurs Fugain
75%
Une belle histoire Fugain
74%
La poupée qui fait non Polnareff
74%
Lettre à France Polnareff
72%
Mademoiselle Chang Berger
71%
Quelques mots d'amour Berger
71%
Wight is Wight Delpech
69%
Que Marianne était jolie Delpech
69%
La Fête Fugain
66%
Je viens du sud Sardou
66%
Les princes des villes Berger
65%
Tout, tout pour ma chérie Polnareff
65%
Joueurs de blues Jonasz
64%
On ira tous au paradis Polnareff
64%
Holidays Polnareff
63%
Bravo monsieur le monde Fugain
62%
Chante Fugain
61%
Je n'aurai pas le temps Fugain
61%
Les Acadiens Fugain
61%
Le bal des Laze Polnareff
61%
Les Divorcés Delpech
60%
Dites-moi Jonasz
60%
Je suis un homme Polnareff
60%
Super Nana Jonasz
56%
Les vacances au bord de la mer Jonasz
55%
Les vieux mariés Sardou
55%
Tous les bateaux, tous les oiseaux Polnareff
52%
Message personnel Berger
51%
Je voulais te dire que je t'attends Jonasz
49%
Tu me fais planer Delpech
44%
Les Sud-Américaines Fugain
40%
Les Wagonnets Jonasz
36%
Fourmis rouges Jonasz
34%
Chanteur de jazz Sardou
33%
Le Boléro Jonasz
28%
Golden gate Jonasz
28%
Les rues de la grande ville Fugain
21%
La minute de silence Berger
18%
Ce lundi là Delpech
18%
Aucun quiz correspondant
Distribution des résultats
% des personnes avec chaque résultat
Percentile par nombre de réponses
Votre historique - résultats
Vous n’avez pas pris ce quiz